000 00590nam a2200157 i 4500
001 122499
003 ES-MaACL
005 20230906192005.0
007 t|
008 070214s1918 sp r ||||1| spa d
100 1 _aPuente y Mansfield, Pedro de la.
_994167
245 1 0 _aMemoria acerca del estado del Instituto General y Técnico de Navarra durante el curso académico de 1916 a 1917 /
_cPedro de la Puente y Mansfield.
260 _aPamplona :
_b[s.n.],
_c1918 (
_fImp. Provincial)
610 2 4 _aInstituto General y Técnico de Navarra-
_vMemorias.
_9159286
852 _aES-MaACL
_j1525-F-8
999 _c122499
_d122499